[Event "EU-ch U16 25th"]
[Site "Porec"]
[Date "2015.09.24"]
[Round "4"]
[White "Whatley, Stephen Arthur"]
[Black "Lukic, Lazar"]
[Result "1/2-1/2"]
[WhiteElo "2027"]
[BlackElo "1903"]
[PlyCount "102"]
[EventDate "2015.09.21"]
[EventType "swiss"]
[EventRounds "9"]
[EventCountry "CRO"]
[SourceTitle "EXT 2016"]
[Source "ChessBase"]
[SourceDate "2015.10.08"]
[SourceVersion "1"]
[SourceVersionDate "2015.10.08"]
[SourceQuality "1"]

1. e4 e5 2. Nf3 Nc6 3. Bc4 Bc5 4. c3 Nf6 5. d3 0-0 6. 0-0 d5 7. exd5 Nxd5 8. b4 Be7 9. b5 Na5 10. Bxd5 Qxd5 11. c4 Qe6 12. Nc3 f6 13. Nd5 Bd8 14. Ba3 Rf7 15. Qa4 c6 16. Nc3 cxb5 17. Nxb5 Bd7 18. Qb4 Bxb5 19. Qxb5 Qc6 20. Qb4 b6 21. Rac1 Be7 22. Qb2 Rd8 23. Bxe7 Rxe7 24. Rfd1 Red7 25. Qe2 Qc5 26. Ne1 Qa3 27. h3 Nc6 28. Rb1 Nd4 29. Qb2 Qxb2 30. Rxb2 e4 31. Rbd2 exd3 32. Rxd3 Ne2+ 33. Kf1 Rxd3 34. Rxd3 Rxd3 35. Nxd3 Nc3 36. Ke1 Ne4 37. Ke2 Kf7 38. Ke3 Nc5 39. Nb4 g6 40. Kd4 Ke6 41. Nc6 a5 42. Na7 Kd6 43. Nc8+ Kc7 44. Ne7 Kd6 45. Nd5 Nd7 46. g4 Ke6 47. f4 f5 48. g5 Kd6 49. h4 Nc5 50. Nf6 Ne6+ 51. Kc3 Nf8 1/2-1/2

[Event "BCF-chT2d 1415 (4NCL) Demotion pool"]
[Site "England"]
[Date "2015.05.04"]
[Round "11.255"]
[White "Whatley, Stephen Arthur"]
[Black "Davey, Mark"]
[Result "0-1"]
[WhiteElo "2065"]
[BlackElo "2162"]
[PlyCount "86"]
[EventDate "2015.03.29"]
[EventType "team-tourn"]
[EventRounds "11"]
[EventCountry "ENG"]
[SourceTitle "EXT 2016"]
[Source "ChessBase"]
[SourceDate "2015.10.08"]
[SourceVersion "1"]
[SourceVersionDate "2015.10.08"]
[SourceQuality "1"]
[WhiteTeam "Brown Jack Witney"]
[BlackTeam "Kings Head"]
[WhiteTeamCountry "ENG"]
[BlackTeamCountry "ENG"]

1. d4 e6 2. Nf3 f5 3. Bg5 Be7 4. Bxe7 Qxe7 5. Nbd2 Nf6 6. e3 b6 7. c3 Bb7 8. Bd3 d5 9. Ne5 Nbd7 10. Ndf3 0-0 11. 0-0 c5 12. Qc2 Nxe5 13. Nxe5 Nd7 14. f4 Nxe5 15. fxe5 c4 16. Be2 Bc6 17. Qd2 Be8 18. b3 b5 19. a4 Rc8 20. axb5 Bxb5 21. Ra5 a6 22. bxc4 dxc4 23. Rfa1 Rfd8 24. Bd1 Qc7 25. R5a2 Rb8 26. Qe2 Rb6 27. Bc2 g6 28. Ba4 Qc6 29. Ra3 Rdb8 30. Bd1 Qe4 31. Bc2 Qa8 32. e4 fxe4 33. Bxe4 Bc6 34. Bxc6 Qxc6 35. R1a2 Rb1+ 36. Kf2 Rf8+ 37. Kg3 Rb3 38. Qc2 Qb6 39. Rxa6 Qxd4 40. R2a3 Qe3+ 41. Kh4 Rf4+ 42. g4 Rxg4+ 43. Kxg4 h5+ 0-1

[Event "Gibraltar Masters 13th"]
[Site "Caleta"]
[Date "2015.02.03"]
[Round "8"]
[White "Whatley, Stephen Arthur"]
[Black "Nuri, Kambez"]
[Result "0-1"]
[WhiteElo "1949"]
[BlackElo "2305"]
[PlyCount "68"]
[EventDate "2015.01.27"]
[EventType "swiss"]
[EventRounds "10"]
[EventCountry "GGB"]
[SourceTitle "CBM 165"]
[Source "ChessBase"]
[SourceDate "2015.03.11"]
[SourceVersion "1"]
[SourceVersionDate "2015.03.11"]
[SourceQuality "1"]

1. e4 c5 2. Nf3 Nc6 3. d4 cxd4 4. Nxd4 Nf6 5. Nc3 d6 6. Bg5 e6 7. Qd2 a6 8. 0-0-0 Bd7 9. f4 h6 10. Bh4 g5 11. fxg5 Ng4 12. Be2 Nge5 13. Nf3 Be7 14. Bf2 b5 15. gxh6 Qa5 16. Nxe5 Nxe5 17. a3 Rb8 18. Be3 b4 19. Nb1 Nc6 20. g4 d5 21. exd5 bxa3 22. Qxa5 axb2+ 23. Kd2 Nxa5 24. g5 exd5 25. Bxa6 0-0 26. Rhg1 Bf5 27. Rdf1 Bg6 28. Bf4 Bb4+ 29. Kd1 Rfe8 30. c3 Be4 31. Rh1 Bxb1 32. Bxb8 Bh7 33. Bd3 Bxd3 34. Kd2 Bg6 0-1

[Event "Gibraltar Masters 13th"]
[Site "Caleta"]
[Date "2015.02.02"]
[Round "7"]
[White "Whatley, Stephen Arthur"]
[Black "Veltkamp, Gerben"]
[Result "1-0"]
[WhiteElo "1949"]
[BlackElo "2175"]
[PlyCount "37"]
[EventDate "2015.01.27"]
[EventType "swiss"]
[EventRounds "10"]
[EventCountry "GGB"]
[SourceTitle "CBM 165"]
[Source "ChessBase"]
[SourceDate "2015.03.11"]
[SourceVersion "1"]
[SourceVersionDate "2015.03.11"]
[SourceQuality "1"]

1. e4 e5 2. Nf3 Nc6 3. Bc4 Nf6 4. d3 Be7 5. 0-0 0-0 6. Re1 d6 7. a4 Be6 8. a5 Bxc4 9. dxc4 b6 10. axb6 axb6 11. Rxa8 Qxa8 12. Nc3 Nd7 13. Nd5 Qb7 14. Bg5 Bxg5 15. Nxg5 h6 16. Qg4 Qc8 17. Nf3 Nc5 18. Qxc8 Rxc8 19. b4 1-0

[Event "Gibraltar Masters 13th"]
[Site "Caleta"]
[Date "2015.02.01"]
[Round "6"]
[White "Zimmermann, Rene"]
[Black "Whatley, Stephen Arthur"]
[Result "1/2-1/2"]
[WhiteElo "2172"]
[BlackElo "1949"]
[PlyCount "128"]
[EventDate "2015.01.27"]
[EventType "swiss"]
[EventRounds "10"]
[EventCountry "GGB"]
[SourceTitle "CBM 165"]
[Source "ChessBase"]
[SourceDate "2015.03.11"]
[SourceVersion "1"]
[SourceVersionDate "2015.03.11"]
[SourceQuality "1"]

1. Nf3 Nf6 2. g3 g6 3. Bg2 Bg7 4. 0-0 0-0 5. d3 d5 6. Nbd2 c5 7. e4 Nc6 8. Re1 h6 9. c3 e5 10. a4 Be6 11. Qc2 Rc8 12. exd5 Nxd5 13. Nc4 Qc7 14. Nh4 Rce8 15. Bd2 a6 16. a5 Nde7 17. Qa4 Rd8 18. Be3 Na7 19. Qa3 Rc8 20. Nb6 Nb5 21. Qa4 Rcd8 22. Rad1 g5 23. Nf3 Nf5 24. c4 Na7 25. b4 cxb4 26. Qxb4 Nc6 27. Qc5 g4 28. Nh4 Nxe3 29. Rxe3 Qd6 30. Qxd6 Rxd6 31. Rb1 Rfd8 32. Na4 Nxa5 33. Be4 b5 34. cxb5 axb5 35. Rxb5 Nb3 36. Nc5 Nd4 37. Nxe6 Nxb5 38. Nxd8 Rxd8 39. Nf5 Bf8 40. Re1 Nd6 41. Nxd6 Bxd6 42. Kg2 Kg7 43. h3 gxh3+ 44. Kxh3 Bc5 45. Re2 Bd4 46. Rc2 Rb8 47. f3 Rd8 48. Rc7 Rd6 49. Kg4 Bg1 50. Rc2 Bd4 51. Rh2 Rf6 52. Ra2 Rd6 53. Ra4 Rd8 54. Ra6 Bc5 55. Rc6 Bd4 56. f4 exf4 57. Kxf4 Bf2 58. g4 Bd4 59. g5 hxg5+ 60. Kxg5 Be3+ 61. Kf5 Bd4 62. Ra6 Rd7 63. Ra5 Bc3 64. Rb5 Rd6 1/2-1/2

[Event "Gibraltar Masters 13th"]
[Site "Caleta"]
[Date "2015.01.30"]
[Round "4"]
[White "Kuhne, Detlev"]
[Black "Whatley, Stephen Arthur"]
[Result "0-1"]
[WhiteElo "2131"]
[BlackElo "1949"]
[PlyCount "156"]
[EventDate "2015.01.27"]
[EventType "swiss"]
[EventRounds "10"]
[EventCountry "GGB"]
[SourceTitle "CBM 165"]
[Source "ChessBase"]
[SourceDate "2015.03.11"]
[SourceVersion "1"]
[SourceVersionDate "2015.03.11"]
[SourceQuality "1"]

1. d4 f5 2. Bg5 Nf6 3. Bxf6 exf6 4. e3 d5 5. c4 Be6 6. cxd5 Bxd5 7. Ne2 Nd7 8. Nf4 Bf7 9. Bd3 c6 10. Nc3 Bd6 11. g3 g6 12. h4 Qa5 13. a3 0-0 14. 0-0 Qd8 15. Qf3 Nb6 16. Rac1 Re8 17. Bb1 Nc4 18. Rc2 Qb8 19. Re1 Bxf4 20. Qxf4 Qxf4 21. gxf4 Rad8 22. Rec1 Nb6 23. Ba2 Bxa2 24. Nxa2 Nd5 25. Nc3 Kf7 26. Na4 Re7 27. Nc5 Rg8 28. Nd3 Rd8 29. Kg2 Rde8 30. Rd2 Nc7 31. b4 Rd8 32. Rb2 a6 33. a4 Rb8 34. Kf3 Rc8 35. b5 axb5 36. axb5 Ne8 37. Rbc2 Rec7 38. b6 Rd7 39. Nc5 Re7 40. Ra2 Nd6 41. Ke2 Rb8 42. Kd3 Nb5 43. Rca1 Ree8 44. Ra4 Nd6 45. Rb1 Ne4 46. Nxe4 fxe4+ 47. Kc4 Ke6 48. Ra5 Red8 49. Rg1 Rd7 50. Rh1 Rd5 51. Rha1 Rdd8 52. h5 Rd5 53. hxg6 hxg6 54. Rc5 Rc8 55. Ra7 Rb8 56. Kb4 Rh5 57. Ra1 Rh2 58. Rc2 Rh5 59. Kc3 Rd5 60. Raa2 Rc8 61. Kd2 Rb5 62. Rcb2 Rxb2+ 63. Rxb2 c5 64. Kc3 Kd5 65. Rb5 Rc6 66. Ra5 Rc8 67. Rb5 f5 68. Ra5 Kd6 69. Rb5 cxd4+ 70. Kxd4 Rc2 71. Rd5+ Kc6 72. Re5 Kxb6 73. Re6+ Rc6 74. Ke5 Rxe6+ 75. Kxe6 Kc5 76. Kf6 b5 77. Kxg6 b4 78. Kxf5 Kd5 0-1

[Event "BCF-chT2a 1415 (4NCL)"]
[Site "England"]
[Date "2015.01.11"]
[Round "4.99"]
[White "Whatley, Stephen Arthur"]
[Black "Granat, Russell"]
[Result "1/2-1/2"]
[WhiteElo "1941"]
[BlackElo "2193"]
[PlyCount "54"]
[EventDate "2014.11.15"]
[EventType "team-tourn"]
[EventRounds "7"]
[EventCountry "ENG"]
[SourceTitle "EXT 2016"]
[Source "ChessBase"]
[SourceDate "2015.10.08"]
[SourceVersion "1"]
[SourceVersionDate "2015.10.08"]
[SourceQuality "1"]
[WhiteTeam "Brown Jack Witney"]
[BlackTeam "Guildford III"]
[WhiteTeamCountry "ENG"]
[BlackTeamCountry "ENG"]

1. d4 d5 2. c4 Bf5 3. cxd5 Bxb1 4. Qa4+ c6 5. Rxb1 Qxd5 6. Nf3 Nd7 7. a3 Ngf6 8. e3 e6 9. Qc2 Qh5 10. Bd3 Bd6 11. e4 e5 12. dxe5 Nxe5 13. Nxe5 Qxe5 14. g3 0-0 15. f4 Qd4 16. e5 Rfe8 17. b4 Bc7 18. Bb2 Qd5 19. Kd2 Ng4 20. Kc3 Nxe5 21. Bxh7+ Kh8 22. Be4 Qc4+ 23. Kd2 Rad8+ 24. Kc1 Qxc2+ 25. Bxc2 Nc4 26. Bb3 Nxb2 27. Rxb2 Kg8 1/2-1/2